000 00491nam a2200181Ia 4500
005 20250508152210.0
008 008 250505s9999 xx 000 0 hin d
037 _aTextual
040 _aFEDL
_beng
_cFEDL
041 _ahin
_2hin
084 _a523, NAT
_qFEDL
100 _aNautyal Santosh Narayan
_9761004
245 0 _aChanda mama ka desh
260 _aDelhi, India
_bAtma Ram and Sons
_c1955
300 _a106p
942 _cTEXL
_h523, NAT
999 _c1334913
_d1334913